Analýza a prognóza vývoja Indexu spotrebiteľských cien (životných nákladov) za domácnosti spolu v SR diplomová práca

Salvato in:
Dettagli Bibliografici
Autore principale: Polačko, Juraj
Ente Autore: Fakulta hospodárskej informatiky EU. Katedra štatistiky
Altri autori: Hrnčiarová, Ľubica
Natura: Libro
Lingua:slovacco
Pubblicazione: Bratislava 2010
Tags: Aggiungi Tag
Nessun Tag, puoi essere il primo ad aggiungerne!!

MARC

LEADER 00000nam$a2200000$$$4500
001 0118830
005 20240318121703.5
041 0 |a slo 
044 |a SK 
245 1 0 |a Analýza a prognóza vývoja Indexu spotrebiteľských cien (životných nákladov) za domácnosti spolu v SR  |b diplomová práca  |c Juraj Polačko ; škol. Ľubica Hrnčiarová 
264 1 |a Bratislava  |c 2010 
300 |a 69 s. 
100 1 |a Polačko, Juraj 
700 1 |a Hrnčiarová, Ľubica 
710 2 |a Fakulta hospodárskej informatiky EU. Katedra štatistiky